000 00667cam a22002177a 4500
001 000014215
005 20200929163526.0
008 820928s1978 mx 000 0 spa
010 _a82213471
020 _a9682302641
040 _aDO-SdBNP
_cDLC
_dDLC
050 0 0 _aMLCS 82/9604
100 1 _aBambirra, Vania.
_932114
245 1 3 _aEl capitalismo dependiente latinoamericano /
_cpor Vania Bambirra.
250 _a5a ed.
260 _aMexico :
_bSiglo Veintiuno Editores,
_c1978.
300 _aviii, 180 p. ;
_c18 cm.
490 1 _aSociologia y politica
830 0 _aSociologia y politica (Siglo Veintiuno Editores)
_932115
910 _aCatalogación derivada
999 _c13814
_d13814